|
|
|
|
| LEADER |
00000nas a2200000 a 4500 |
| 003 |
Ucuenca |
| 005 |
20230308204727.0 |
| 008 |
012020| ||||||||r|||||||||||spa|| |
| 040 |
|
|
|b spa
|a UCuenca-cdrjbv
|c UCuenca
|e rda
|
| 041 |
1 |
|
|a spa
|
| 082 |
0 |
|
|a 050
|b U48a
|
| 245 |
|
0 |
|a Anales de la Universidad de Cuenca
|c Universidad de Cuenca
|
| 264 |
|
|
|a Cuenca
|b Universidad de Cuenca
|c Julio-diciembre de 1974
|
| 300 |
|
|
|a 246 páginas:
|c 16 cm
|
| 336 |
|
|
|2 rdacontent
|a texto
|b txt
|
| 337 |
|
|
|2 rdamedia
|a no mediado
|b n
|
| 338 |
|
|
|2 rdacarrier
|a volumen
|b nc
|
| 362 |
|
|
|a Tomo XXX; no. 3-4 (julio-diciembre de 1974)
|
| 520 |
3 |
|
|a Contiene: Homenaje al Dr. Agustín Cueva Tamariz por G. R. Galiana.-La esclavitud de la América Latina por José Peralta.-Notas bibliográficas: Los libros de Peralta por Diego Pérez.-Notas necrológicas Dr. Vicente Corral Moscoso.-Crónica universitaria
|
| 650 |
|
0 |
|a Revista Anales
|9 5786
|
| 852 |
|
|
|a UC-CDJBV
|
| 856 |
|
|
|u http://dspace.ucuenca.edu.ec/handle/123456789/4606
|
| 942 |
|
|
|c SERA
|z vanessa.morales@ucuenca.edu.ec
|2 ddc
|
| 999 |
|
|
|c 109284
|d 109284
|